00473nam a2200157Ia 4500003000400000005001700004008004000021020001800061040000700079041001200086082001800098100003600116245009700152260005200249300001400301OSt20251003150123.0210210b2009 xxu||||| |||| 00| 0 eng d a9780001064850 cAL aEnglish a954.0317 ECOO aEconomic and Polititical Weekly aOne thousand eight hundred and fifty seven 1857b: essays from economic and political weekly aHyderabadbOrient longman Private Limitedc2009 aviii,364p